Music Quiz

Random Music or Bands Quiz

Live Aid Performers Quiz Stats

 Plays Quiz not verified by Sporcle

Challenge
Share
Tweet
Score 0/14 Timer 01:00
1 Play Today
% Correct
Queen
94.4%
David Bowie
91.9%
Phil Collins
87.5%
U2
85%
Sting
82.5%
Led Zeppelin
82.5%
Billy Ocean
80%
% Correct
Pretenders
74.4%
Boomtown Rats
73.8%
Thompson Twins
66.3%
Nik Kershaw
60%
The Hooters
58.8%
Ultravox
58.1%
Duran Duran
54.4%

You're not logged in!

Compare scores with friends on all Sporcle quizzes.
Join for Free
OR
Log In

You Might Also Like...

Show Comments

Extras

Top Quizzes Today


Score Distribution

Your Account Isn't Verified!

In order to create a playlist on Sporcle, you need to verify the email address you used during registration. Go to your Sporcle Settings to finish the process.

Report this User

Report this user for behavior that violates our Community Guidelines.

Details: